Informe sobre la situación de los derechos humanos en Guatemala julio 1983 /
El documento presenta la situación de los Derechos Humanos en Guatemala, así como de los refugiados guatemaltecos y de las violaciones a los derechos económicos sociales.
Guardado en:
| Autor Corporativo: | |
|---|---|
| Formato: | Texto |
| Lenguaje: | Spanish |
| Publicado: |
México:
CDHG
1983
|
| Materias: | |
| Etiquetas: |
Agregar Etiqueta
Sin Etiquetas, Sea el primero en etiquetar este registro!
|
MARC
| LEADER | 00000 a a2200000 04500 | ||
|---|---|---|---|
| 001 | 20924 | ||
| 003 | cru CIDCACS/IIS | ||
| 005 | 20230619102037.0 | ||
| 008 | 210908b1983 Mx ||||| |||| 00| 0 spa d | ||
| 040 | |c CRAIS/IIS | ||
| 090 | |a 04.02.01 C733i 1983 | ||
| 110 | |a Comisión de Derechos Humanos de Guatemala | ||
| 245 | |a Informe sobre la situación de los derechos humanos en Guatemala |b julio 1983 / |c Comisión de Derechos Humanos de Guatemala (CDHG) | ||
| 260 | |a México: |b CDHG |c 1983 | ||
| 300 | |a 50 páginas | ||
| 520 | |a El documento presenta la situación de los Derechos Humanos en Guatemala, así como de los refugiados guatemaltecos y de las violaciones a los derechos económicos sociales. | ||
| 650 | 0 | |9 10297 |a DERECHOS HUMANOS COLECTIVOS | |
| 650 | 0 | |9 7386 |a VIOLACION A LOS DERECHOS HUMANOS | |
| 650 | 0 | |9 1527 |a TORTURA | |
| 650 | 0 | |9 2860 |a REFUGIADOS | |
| 650 | 0 | |9 7019 |a HOMICIDIO | |
| 942 | |2 ddc |c LI |i 04.02.01 C733i 1983 |h 23094 |6 23094_040201_C733I_1983 | ||
| 999 | |c 44280 |d 44280 | ||
